India 2006-2007 MNC directory : the address book for business people.
| Format: | Book |
|---|---|
| Published: |
New Delhi:
Amelia Publications,
2006.
|
| Subjects: |
| LEADER | 00500cam a2200145 7i4500 | ||
|---|---|---|---|
| 001 | 0000019865 | ||
| 005 | 20071031090000.0 | ||
| 090 | 0 | 0 | |a INDA 338.7025 |b IND |
| 245 | 0 | 0 | |a India 2006-2007 MNC directory : |b the address book for business people. |
| 260 | 0 | 0 | |a New Delhi: |b Amelia Publications, |c 2006. |
| 300 | # | # | |a 833 p. |
| 650 | 0 | 0 | |a Business -- |x Directories -- |z India |
| 650 | 0 | 0 | |a Multi-National companies [MNC] -- |z India |
| 651 | 0 | 0 | |a India |
| 999 | |a B000020752 |b Directories |c Countries |e Business Information Centre | ||